Puntos aleatorios de la Tierra al país - Estadísticas

Estadísticas generales
  • Esta prueba ha sido intentada 39.168 veces
  • La puntuación promedio es 15 de 20
Respuestas en el mapa
Las respuestas están codificadas por una escala verde-roja en el mapa de la prueba según el % correcto abajo.
 
Estadísticas de respuestas
País % Correcto
Canadá
100%
Canadá
100%
Canadá
100%
Canadá
100%
Canadá
100%
Canadá
100%
Canadá
100%
Canadá
100%
Estados Unidos
100%
Estados Unidos
100%
Estados Unidos
100%
Estados Unidos
100%
Estados Unidos
100%
Estados Unidos
100%
Estados Unidos
100%
Estados Unidos
100%
Brasil
99%
Canadá
99%
Canadá
99%
Canadá
99%
Canadá
99%
Canadá
99%
Canadá
99%
Canadá
99%
Canadá
99%
Canadá
99%
Canadá
99%
Canadá
99%
Canadá
99%
Canadá
99%
Canadá
99%
Canadá
99%
Canadá
99%
Canadá
99%
Chile
99%
Estados Unidos
99%
Estados Unidos
99%
Estados Unidos
99%
Estados Unidos
99%
Estados Unidos
99%
Estados Unidos
99%
Estados Unidos
99%
Estados Unidos
99%
Estados Unidos
99%
Estados Unidos
99%
Estados Unidos
99%
Estados Unidos
99%
Estados Unidos
99%
Estados Unidos
99%
Estados Unidos
99%
Estados Unidos
99%
Estados Unidos
99%
Estados Unidos
99%
Estados Unidos
99%
Estados Unidos
99%
Estados Unidos
99%
México
99%
México
99%
Brasil
98%
Brasil
98%
Brasil
98%
Canadá
98%
Canadá
98%
Canadá
98%
Canadá
98%
Canadá
98%
Canadá
98%
Canadá
98%
Canadá
98%
Canadá
98%
Canadá
98%
Canadá
98%
Canadá
98%
Canadá
98%
Canadá
98%
Canadá
98%
Canadá
98%
Canadá
98%
Canadá
98%
Canadá
98%
Canadá
98%
Canadá
98%
Estados Unidos
98%
Estados Unidos
98%
Estados Unidos
98%
Estados Unidos
98%
Estados Unidos
98%
Estados Unidos
98%
Estados Unidos
98%
Estados Unidos
98%
Estados Unidos
98%
Estados Unidos
98%
Estados Unidos
98%
Estados Unidos
98%
Estados Unidos
98%
Estados Unidos
98%
Estados Unidos
98%
Estados Unidos
98%
Estados Unidos
98%
Estados Unidos
98%
Estados Unidos
98%
Estados Unidos
98%
México
98%
Argentina
97%
Brasil
97%
Brasil
97%
Brasil
97%
Brasil
97%
Brasil
97%
Canadá
97%
Canadá
97%
Canadá
97%
Canadá
97%
Canadá
97%
Canadá
97%
Canadá
97%
Canadá
97%
Canadá
97%
Canadá
97%
Canadá
97%
Canadá
97%
Canadá
97%
Canadá
97%
Canadá
97%
Canadá
97%
Canadá
97%
Canadá
97%
Canadá
97%
Canadá
97%
Canadá
97%
Canadá
97%
Canadá
97%
Canadá
97%
Canadá
97%
Canadá
97%
Canadá
97%
Canadá
97%
Canadá
97%
Canadá
97%
Canadá
97%
Canadá
97%
Canadá
97%
Canadá
97%
Canadá
97%
Canadá
97%
Canadá
97%
Canadá
97%
Canadá
97%
Canadá
97%
Canadá
97%
Colombia
97%
España
97%
España
97%
Estados Unidos
97%
Estados Unidos
97%
Estados Unidos
97%
Estados Unidos
97%
Estados Unidos
97%
Estados Unidos
97%
Estados Unidos
97%
Estados Unidos
97%
Estados Unidos
97%
Estados Unidos
97%
Estados Unidos
97%
Estados Unidos
97%
Estados Unidos
97%
Estados Unidos
97%
Estados Unidos
97%
Estados Unidos
97%
Estados Unidos
97%
Estados Unidos
97%
Estados Unidos
97%
Estados Unidos
97%
Estados Unidos
97%
Estados Unidos
97%
Estados Unidos
97%
Estados Unidos
97%
Estados Unidos
97%
Estados Unidos
97%
Estados Unidos
97%
Estados Unidos
97%
Estados Unidos
97%
Estados Unidos
97%
Estados Unidos
97%
Estados Unidos
97%
Estados Unidos
97%
Estados Unidos
97%
Estados Unidos
97%
Estados Unidos
97%
Islandia
97%
Marruecos
97%
Marruecos
97%
México
97%
Rusia
97%
Rusia
97%
Rusia
97%
Rusia
97%
Argentina
96%
Brasil
96%
Brasil
96%
Brasil
96%
Brasil
96%
Brasil
96%
Brasil
96%
Brasil
96%
Canadá
96%
Canadá
96%
Canadá
96%
Canadá
96%
Canadá
96%
Canadá
96%
Canadá
96%
Canadá
96%
Canadá
96%
Canadá
96%
Canadá
96%
Canadá
96%
Canadá
96%
Canadá
96%
Canadá
96%
Canadá
96%
Canadá
96%
Canadá
96%
Canadá
96%
Canadá
96%
Canadá
96%
Canadá
96%
Canadá
96%
Canadá
96%
Canadá
96%
Canadá
96%
Canadá
96%
Canadá
96%
Canadá
96%
Canadá
96%
Canadá
96%
Canadá
96%
Canadá
96%
Canadá
96%
Canadá
96%
Canadá
96%
Canadá
96%
Canadá
96%
Canadá
96%
Canadá
96%
Canadá
96%
Canadá
96%
Canadá
96%
Canadá
96%
Canadá
96%
Canadá
96%
Canadá
96%
China
96%
Estados Unidos
96%
Estados Unidos
96%
Estados Unidos
96%
Estados Unidos
96%
Estados Unidos
96%
Estados Unidos
96%
Estados Unidos
96%
Estados Unidos
96%
Estados Unidos
96%
Estados Unidos
96%
Estados Unidos
96%
Estados Unidos
96%
Estados Unidos
96%
Estados Unidos
96%
Estados Unidos
96%
Estados Unidos
96%
Estados Unidos
96%
Estados Unidos
96%
Estados Unidos
96%
Estados Unidos
96%
Estados Unidos
96%
Estados Unidos
96%
Estados Unidos
96%
Estados Unidos
96%
Estados Unidos
96%
Estados Unidos
96%
Estados Unidos
96%
Estados Unidos
96%
Estados Unidos
96%
Estados Unidos
96%
Estados Unidos
96%
Estados Unidos
96%
Estados Unidos
96%
Estados Unidos
96%
Irlanda
96%
México
96%
México
96%
Rusia
96%
Rusia
96%
Rusia
96%
Rusia
96%
Rusia
96%
Rusia
96%
Rusia
96%
Rusia
96%
Rusia
96%
Rusia
96%
Rusia
96%
Rusia
96%
Rusia
96%
Rusia
96%
Argentina
95%
Brasil
95%
Brasil
95%
Brasil
95%
Brasil
95%
Brasil
95%
Brasil
95%
Canadá
95%
Canadá
95%
Canadá
95%
Canadá
95%
Canadá
95%
Canadá
95%
Canadá
95%
Canadá
95%
Canadá
95%
Canadá
95%
Canadá
95%
Canadá
95%
Canadá
95%
Canadá
95%
Canadá
95%
Canadá
95%
Canadá
95%
Canadá
95%
Canadá
95%
Canadá
95%
Canadá
95%
Canadá
95%
Canadá
95%
Canadá
95%
Canadá
95%
Canadá
95%
Canadá
95%
Canadá
95%
Canadá
95%
Canadá
95%
Canadá
95%
Canadá
95%
Canadá
95%
Canadá
95%
Canadá
95%
Canadá
95%
Canadá
95%
Canadá
95%
Canadá
95%
Canadá
95%
Canadá
95%
Canadá
95%
Canadá
95%
Canadá
95%
Canadá
95%
Canadá
95%
Canadá
95%
Canadá
95%
Canadá
95%
Canadá
95%
Canadá
95%
Canadá
95%
Canadá
95%
Canadá
95%
Canadá
95%
Chile
95%
Chile
95%
España
95%
Estados Unidos
95%
Estados Unidos
95%
Estados Unidos
95%
Estados Unidos
95%
Estados Unidos
95%
Estados Unidos
95%
Estados Unidos
95%
Estados Unidos
95%
Estados Unidos
95%
Estados Unidos
95%
Estados Unidos
95%
Estados Unidos
95%
Estados Unidos
95%
Estados Unidos
95%
Estados Unidos
95%
Estados Unidos
95%
Estados Unidos
95%
Estados Unidos
95%
Estados Unidos
95%
Estados Unidos
95%
Estados Unidos
95%
Estados Unidos
95%
Estados Unidos
95%
Estados Unidos
95%
Estados Unidos
95%
Estados Unidos
95%
Estados Unidos
95%
Estados Unidos
95%
Estados Unidos
95%
Estados Unidos
95%
Estados Unidos
95%
Estados Unidos
95%
Estados Unidos
95%
México
95%
México
95%
México
95%
México
95%
México
95%
Perú
95%
Portugal
95%
Portugal
95%
Rusia
95%
Rusia
95%
Rusia
95%
Rusia
95%
Rusia
95%
Rusia
95%
Rusia
95%
Rusia
95%
Rusia
95%
Rusia
95%
Rusia
95%
Rusia
95%
Argentina
94%
Argentina
94%
Brasil
94%
Brasil
94%
Brasil
94%
Brasil
94%
Brasil
94%
Brasil
94%
Brasil
94%
Brasil
94%
Brasil
94%
Canadá
94%
Canadá
94%
Canadá
94%
Canadá
94%
Canadá
94%
Canadá
94%
Canadá
94%
Canadá
94%
Canadá
94%
Canadá
94%
Canadá
94%
Canadá
94%
Canadá
94%
Canadá
94%
Canadá
94%
Canadá
94%
Canadá
94%
Canadá
94%
Canadá
94%
Canadá
94%
Canadá
94%
Canadá
94%
Canadá
94%
Canadá
94%
Canadá
94%
Canadá
94%
Canadá
94%
Canadá
94%
Canadá
94%
Canadá
94%
Canadá
94%
Canadá
94%
Canadá
94%
Canadá
94%
Canadá
94%
Canadá
94%
Canadá
94%
Canadá
94%
Canadá
94%
Canadá
94%
Chile
94%
Chile
94%
Colombia
94%
España
94%
España
94%
España
94%
Estados Unidos
94%
Estados Unidos
94%
Estados Unidos
94%
Estados Unidos
94%
Estados Unidos
94%
Estados Unidos
94%
Estados Unidos
94%
Estados Unidos
94%
Estados Unidos
94%
Estados Unidos
94%
Estados Unidos
94%
Estados Unidos
94%
Estados Unidos
94%
Estados Unidos
94%
Estados Unidos
94%
Estados Unidos
94%
Estados Unidos
94%
Estados Unidos
94%
Estados Unidos
94%
Estados Unidos
94%
Estados Unidos
94%
Estados Unidos
94%
Estados Unidos
94%
Estados Unidos
94%
Estados Unidos
94%
Estados Unidos
94%
Estados Unidos
94%
Estados Unidos
94%
Estados Unidos
94%
Estados Unidos
94%
Francia
94%
México
94%
México
94%
México
94%
México
94%
México
94%
México
94%
Perú
94%
Portugal
94%
Rusia
94%
Rusia
94%
Rusia
94%
Rusia
94%
Rusia
94%
Rusia
94%
Rusia
94%
Rusia
94%
Rusia
94%
Rusia
94%
Rusia
94%
Rusia
94%
Rusia
94%
Rusia
94%
Rusia
94%
Rusia
94%
Rusia
94%
Rusia
94%
Rusia
94%
Rusia
94%
Rusia
94%
Rusia
94%
Rusia
94%
Rusia
94%
Rusia
94%
Sudáfrica
94%
Argentina
93%
Argentina
93%
Argentina
93%
Argentina
93%
Argentina
93%
Australia
93%
Brasil
93%
Brasil
93%
Brasil
93%
Brasil
93%
Brasil
93%
Brasil
93%
Brasil
93%
Brasil
93%
Brasil
93%
Brasil
93%
Brasil
93%
Brasil
93%
Brasil
93%
Brasil
93%
Canadá
93%
Canadá
93%
Canadá
93%
Canadá
93%
Canadá
93%
Canadá
93%
Canadá
93%
Canadá
93%
Canadá
93%
Canadá
93%
Canadá
93%
Canadá
93%
Canadá
93%
Canadá
93%
Canadá
93%
Canadá
93%
Canadá
93%
Canadá
93%
Canadá
93%
Canadá
93%
Canadá
93%
Canadá
93%
Canadá
93%
Canadá
93%
Canadá
93%
Canadá
93%
Canadá
93%
Canadá
93%
Canadá
93%
Canadá
93%
Canadá
93%
Canadá
93%
Canadá
93%
Chile
93%
Chile
93%
China
93%
Colombia
93%
Cuba
93%
España
93%
España
93%
Estados Unidos
93%
Estados Unidos
93%
Estados Unidos
93%
Estados Unidos
93%
Estados Unidos
93%
Estados Unidos
93%
Estados Unidos
93%
Estados Unidos
93%
Estados Unidos
93%
Estados Unidos
93%
Estados Unidos
93%
Estados Unidos
93%
Estados Unidos
93%
Estados Unidos
93%
Estados Unidos
93%
Estados Unidos
93%
Estados Unidos
93%
Estados Unidos
93%
Estados Unidos
93%
Estados Unidos
93%
Estados Unidos
93%
Estados Unidos
93%
Estados Unidos
93%
Estados Unidos
93%
Estados Unidos
93%
Estados Unidos
93%
Estados Unidos
93%
Irlanda
93%
México
93%
México
93%
México
93%
México
93%
México
93%
México
93%
Rusia
93%
Rusia
93%
Rusia
93%
Rusia
93%
Rusia
93%
Rusia
93%
Rusia
93%
Rusia
93%
Rusia
93%
Rusia
93%
Rusia
93%
Rusia
93%
Rusia
93%
Rusia
93%
Rusia
93%
Rusia
93%
Rusia
93%
Rusia
93%
Rusia
93%
Rusia
93%
Rusia
93%
Rusia
93%
Rusia
93%
Rusia
93%
Rusia
93%
Rusia
93%
Rusia
93%
Rusia
93%
Rusia
93%
Rusia
93%
Rusia
93%
Rusia
93%
Rusia
93%
Rusia
93%
Rusia
93%
Rusia
93%
Rusia
93%
Rusia
93%
Rusia
93%
Rusia
93%
Argentina
92%
Australia
92%
Brasil
92%
Brasil
92%
Brasil
92%
Brasil
92%
Brasil
92%
Brasil
92%
Brasil
92%
Brasil
92%
Brasil
92%
Brasil
92%
Brasil
92%
Brasil
92%
Brasil
92%
Canadá
92%
Canadá
92%
Canadá
92%
Canadá
92%
Canadá
92%
Canadá
92%
Canadá
92%
Canadá
92%
Canadá
92%
Canadá
92%
Canadá
92%
Canadá
92%
Canadá
92%
Canadá
92%
Canadá
92%
Canadá
92%
Canadá
92%
Canadá
92%
Canadá
92%
Canadá
92%
Canadá
92%
Canadá
92%
Chile
92%
Dinamarca
92%
España
92%
España
92%
Estados Unidos
92%
Estados Unidos
92%
Estados Unidos
92%
Estados Unidos
92%
Estados Unidos
92%
Estados Unidos
92%
Estados Unidos
92%
Estados Unidos
92%
Estados Unidos
92%
Estados Unidos
92%
Estados Unidos
92%
Estados Unidos
92%
Estados Unidos
92%
Estados Unidos
92%
Francia
92%
México
92%
México
92%
Noruega
92%
Perú
92%
Reino Unido
92%
Rusia
92%
Rusia
92%
Rusia
92%
Rusia
92%
Rusia
92%
Rusia
92%
Rusia
92%
Rusia
92%
Rusia
92%
Rusia
92%
Rusia
92%
Rusia
92%
Rusia
92%
Rusia
92%
Rusia
92%
Rusia
92%
Rusia
92%
Rusia
92%
Rusia
92%
Rusia
92%
Rusia
92%
Rusia
92%
Rusia
92%
Rusia
92%
Rusia
92%
Rusia
92%
Rusia
92%
Rusia
92%
Rusia
92%
Rusia
92%
Rusia
92%
Rusia
92%
Rusia
92%
Rusia
92%
Rusia
92%
Rusia
92%
Rusia
92%
Rusia
92%
Rusia
92%
Rusia
92%
Rusia
92%
Rusia
92%
Rusia
92%
Rusia
92%
Rusia
92%
Rusia
92%
Rusia
92%
Rusia
92%
Rusia
92%
Rusia
92%
Rusia
92%
Rusia
92%
Rusia
92%
Rusia
92%
Rusia
92%
Venezuela
92%
Argentina
91%
Argentina
91%
Argentina
91%
Argentina
91%
Argentina
91%
Argentina
91%
Brasil
91%
Brasil
91%
Brasil
91%
Brasil
91%
Brasil
91%
Brasil
91%
Brasil
91%
Brasil
91%
Brasil
91%
Brasil
91%
Brasil
91%
Brasil
91%
Brasil
91%
Brasil
91%
Brasil
91%
Brasil
91%
Brasil
91%
Brasil
91%
Canadá
91%
Canadá
91%
Canadá
91%
Canadá
91%
Canadá
91%
Canadá
91%
Canadá
91%
Canadá
91%
Canadá
91%
Canadá
91%
Canadá
91%
Canadá
91%
Canadá
91%
Canadá
91%
Canadá
91%
Canadá
91%
Canadá
91%
Chile
91%
China
91%
Cuba
91%
España
91%
España
91%
Estados Unidos
91%
Estados Unidos
91%
Estados Unidos
91%
Estados Unidos
91%
Estados Unidos
91%
Estados Unidos
91%
Estados Unidos
91%
Estados Unidos
91%
Estados Unidos
91%
Estados Unidos
91%
Estados Unidos
91%
Francia
91%
India
91%
Marruecos
91%
Noruega
91%
Reino Unido
91%
Reino Unido
91%
Reino Unido
91%
Rusia
91%
Rusia
91%
Rusia
91%
Rusia
91%
Rusia
91%
Rusia
91%
Rusia
91%
Rusia
91%
Rusia
91%
Rusia
91%
Rusia
91%
Rusia
91%
Rusia
91%
Rusia
91%
Rusia
91%
Rusia
91%
Rusia
91%
Rusia
91%
Rusia
91%
Rusia
91%
Rusia
91%
Rusia
91%
Rusia
91%
Rusia
91%
Rusia
91%
Rusia
91%
Rusia
91%
Rusia
91%
Rusia
91%
Rusia
91%
Rusia
91%
Rusia
91%
Rusia
91%
Rusia
91%
Rusia
91%
Rusia
91%
Rusia
91%
Rusia
91%
Rusia
91%
Rusia
91%
Rusia
91%
Rusia
91%
Rusia
91%
Rusia
91%
Rusia
91%
Rusia
91%
Rusia
91%
Rusia
91%
Rusia
91%
Rusia
91%
Rusia
91%
Rusia
91%
Rusia
91%
Rusia
91%
Venezuela
91%
Argentina
90%
Argentina
90%
Argentina
90%
Argentina
90%
Argentina
90%
Argentina
90%
Brasil
90%
Brasil
90%
Brasil
90%
Brasil
90%
Brasil
90%
Brasil
90%
Brasil
90%
Canadá
90%
Canadá
90%
Canadá
90%
Canadá
90%
Canadá
90%
Canadá
90%
Canadá
90%
Canadá
90%
Canadá
90%
Chile
90%
Chile
90%
Chile
90%
Colombia
90%
Cuba
90%
Dinamarca
90%
España
90%
España
90%
Estados Unidos
90%
Estados Unidos
90%
Estados Unidos
90%
Francia
90%
Marruecos
90%
México
90%
México
90%
México
90%
México
90%
Noruega
90%
Perú
90%
Perú
90%
Reino Unido
90%
Reino Unido
90%
Reino Unido
90%
Rusia
90%
Rusia
90%
Rusia
90%
Rusia
90%
Rusia
90%
Rusia
90%
Rusia
90%
Rusia
90%
Rusia
90%
Rusia
90%
Rusia
90%
Rusia
90%
Rusia
90%
Rusia
90%
Rusia
90%
Rusia
90%
Rusia
90%
Rusia
90%
Rusia
90%
Rusia
90%
Rusia
90%
Rusia
90%
Rusia
90%
Rusia
90%
Rusia
90%
Rusia
90%
Rusia
90%
Rusia
90%
Rusia
90%
Rusia
90%
Rusia
90%
Rusia
90%
Rusia
90%
Rusia
90%
Rusia
90%
Rusia
90%
Rusia
90%
Rusia
90%
Rusia
90%
Rusia
90%
Rusia
90%
Rusia
90%
Rusia
90%
Rusia
90%
Rusia
90%
Rusia
90%
Rusia
90%
Rusia
90%
Rusia
90%
Rusia
90%
Rusia
90%
Rusia
90%
Rusia
90%
Argentina
89%
Argentina
89%
Argentina
89%
Argentina
89%
Argentina
89%
Argentina
89%
Australia
89%
Brasil
89%
Brasil
89%
Brasil
89%
Brasil
89%
Brasil
89%
Brasil
89%
Brasil
89%
Brasil
89%
Brasil
89%
Brasil
89%
Canadá
89%
Canadá
89%
Canadá
89%
Canadá
89%
Canadá
89%
Canadá
89%
Canadá
89%
Canadá
89%
Canadá
89%
Canadá
89%
Canadá
89%
Canadá
89%
Canadá
89%
Canadá
89%
Canadá
89%
China
89%
Colombia
89%
Colombia
89%
Dinamarca
89%
Ecuador
89%
Estados Unidos
89%
Estados Unidos
89%
Estados Unidos
89%
Francia
89%
Francia
89%
Francia
89%
Islandia
89%
Italia
89%
Japón
89%
Japón
89%
Marruecos
89%
México
89%
México
89%
México
89%
México
89%
México
89%
Noruega
89%
Paraguay
89%
Perú
89%
Reino Unido
89%
Rusia
89%
Rusia
89%
Rusia
89%
Rusia
89%
Rusia
89%
Rusia
89%
Rusia
89%
Rusia
89%
Rusia
89%
Rusia
89%
Rusia
89%
Rusia
89%
Rusia
89%
Rusia
89%
Rusia
89%
Rusia
89%
Rusia
89%
Rusia
89%
Rusia
89%
Rusia
89%
Rusia
89%
Rusia
89%
Rusia
89%
Rusia
89%
Rusia
89%
Rusia
89%
Rusia
89%
Rusia
89%
Rusia
89%
Rusia
89%
Rusia
89%
Rusia
89%
Rusia
89%
Rusia
89%
Rusia
89%
Rusia
89%
Rusia
89%
Rusia
89%
Rusia
89%
Rusia
89%
Rusia
89%
Rusia
89%
Rusia
89%
Rusia
89%
Rusia
89%
Rusia
89%
Rusia
89%
Rusia
89%
Rusia
89%
Rusia
89%
Rusia
89%
Rusia
89%
Rusia
89%
Rusia
89%
Rusia
89%
Rusia
89%
Rusia
89%
Rusia
89%
Rusia
89%
Rusia
89%
Rusia
89%
Sudáfrica
89%
Sudáfrica
89%
Uruguay
89%
Venezuela
89%
Argentina
88%
Argentina
88%
Argentina
88%
Argentina
88%
Argentina
88%
Australia
88%
Brasil
88%
Brasil
88%
Brasil
88%
Brasil
88%
Brasil
88%
Brasil
88%
Brasil
88%
Brasil
88%
Canadá
88%
Canadá
88%
Canadá
88%
Canadá
88%
Canadá
88%
Canadá
88%
Canadá
88%
Canadá
88%
Canadá
88%
Canadá
88%
China
88%
China
88%
Colombia
88%
Colombia
88%
Colombia
88%
Dinamarca
88%
Dinamarca
88%
Ecuador
88%
Estados Unidos
88%
Estados Unidos
88%
Islandia
88%
Madagascar
88%
Madagascar
88%
Marruecos
88%
México
88%
Perú
88%
Perú
88%
Perú
88%
Perú
88%
Perú
88%
Perú
88%
Perú
88%
Rusia
88%
Rusia
88%
Rusia
88%
Rusia
88%
Rusia
88%
Rusia
88%
Rusia
88%
Rusia
88%
Rusia
88%
Rusia
88%
Rusia
88%
Rusia
88%
Rusia
88%
Rusia
88%
Rusia
88%
Rusia
88%
Rusia
88%
Rusia
88%
Rusia
88%
Rusia
88%
Rusia
88%
Rusia
88%
Rusia
88%
Rusia
88%
Rusia
88%
Rusia
88%
Rusia
88%
Rusia
88%
Rusia
88%
Rusia
88%
Rusia
88%
Rusia
88%
Rusia
88%
Rusia
88%
Rusia
88%
Rusia
88%
Rusia
88%
Rusia
88%
Rusia
88%
Rusia
88%
Rusia
88%
Rusia
88%
Rusia
88%
Rusia
88%
Rusia
88%
Rusia
88%
Rusia
88%
Rusia
88%
Rusia
88%
Rusia
88%
Rusia
88%
Rusia
88%
Rusia
88%
Rusia
88%
Rusia
88%
Rusia
88%
Rusia
88%
Rusia
88%
Rusia
88%
Rusia
88%
Rusia
88%
Rusia
88%
Rusia
88%
Rusia
88%
Rusia
88%
Rusia
88%
Venezuela
88%
Australia
87%
Australia
87%
Brasil
87%
Brasil
87%
Brasil
87%
Canadá
87%
Canadá
87%
Chile
87%
Chile
87%
China
87%
China
87%
China
87%
Colombia
87%
Cuba
87%
Dinamarca
87%
Dinamarca
87%
Dinamarca
87%
Grecia
87%
Italia
87%
Marruecos
87%
México
87%
Noruega
87%
Perú
87%
Perú
87%
Reino Unido
87%
Rusia
87%
Rusia
87%
Rusia
87%
Rusia
87%
Rusia
87%
Rusia
87%
Rusia
87%
Rusia
87%
Rusia
87%
Rusia
87%
Rusia
87%
Rusia
87%
Rusia
87%
Rusia
87%
Rusia
87%
Rusia
87%
Rusia
87%
Rusia
87%
Rusia
87%
Rusia
87%
Rusia
87%
Rusia
87%
Rusia
87%
Rusia
87%
Rusia
87%
Rusia
87%
Rusia
87%
Rusia
87%
Rusia
87%
Rusia
87%
Rusia
87%
Rusia
87%
Rusia
87%
Rusia
87%
Rusia
87%
Rusia
87%
Suecia
87%
Suecia
87%
Suecia
87%
Venezuela
87%
Argentina
86%
Australia
86%
Australia
86%
Australia
86%
Australia
86%
Australia
86%
Australia
86%
Bolivia
86%
Bolivia
86%
Brasil
86%
Brasil
86%
Brasil
86%
Brasil
86%
Canadá
86%
Chile
86%
Chile
86%
Chile
86%
China
86%
China
86%
China
86%
China
86%
China
86%
China
86%
Colombia
86%
Dinamarca
86%
Dinamarca
86%
Dinamarca
86%
Dinamarca
86%
Dinamarca
86%
Estados Unidos
86%
Francia
86%
India
86%
India
86%
Irlanda
86%
Islandia
86%
Italia
86%
Italia
86%
Marruecos
86%
México
86%
Noruega
86%
Perú
86%
Perú
86%
Perú
86%
Reino Unido
86%
Rusia
86%
Rusia
86%
Rusia
86%
Rusia
86%
Rusia
86%
Rusia
86%
Rusia
86%
Rusia
86%
Rusia
86%
Rusia
86%
Rusia
86%
Rusia
86%
Rusia
86%
Rusia
86%
Rusia
86%
Rusia
86%
Rusia
86%
Rusia
86%
Rusia
86%
Rusia
86%
Rusia
86%
Rusia
86%
Rusia
86%
Rusia
86%
Rusia
86%
Rusia
86%
Rusia
86%
Rusia
86%
Rusia
86%
Rusia
86%
Rusia
86%
Rusia
86%
Rusia
86%
Rusia
86%
Rusia
86%
Rusia
86%
Rusia
86%
Rusia
86%
Rusia
86%
Rusia
86%
Rusia
86%
Rusia
86%
Rusia
86%
Venezuela
86%
Argentina
85%
Australia
85%
Australia
85%
Australia
85%
Australia
85%
Australia
85%
Bolivia
85%
Brasil
85%
Brasil
85%
China
85%
China
85%
China
85%
China
85%
China
85%
Colombia
85%
Colombia
85%
Cuba
85%
Dinamarca
85%
Dinamarca
85%
Dinamarca
85%
Estados Unidos
85%
India
85%
India
85%
Japón
85%
Marruecos
85%
Marruecos
85%
Marruecos
85%
Noruega
85%
Perú
85%
Rusia
85%
Rusia
85%
Rusia
85%
Rusia
85%
Rusia
85%
Rusia
85%
Rusia
85%
Rusia
85%
Rusia
85%
Rusia
85%
Rusia
85%
Rusia
85%
Rusia
85%
Rusia
85%
Rusia
85%
Rusia
85%
Rusia
85%
Rusia
85%
Rusia
85%
Rusia
85%
Rusia
85%
Rusia
85%
Rusia
85%
Rusia
85%
Rusia
85%
Rusia
85%
Rusia
85%
Rusia
85%
Rusia
85%
Rusia
85%
Rusia
85%
Rusia
85%
Sudáfrica
85%
Sudáfrica
85%
Suecia
85%
Suecia
85%
Uruguay
85%
Venezuela
85%
Venezuela
85%
Argentina
84%
Argentina
84%
Argentina
84%
Argentina
84%
Australia
84%
Australia
84%
Australia
84%
Australia
84%
Brasil
84%
Brasil
84%
China
84%
China
84%
China
84%
China
84%
China
84%
China
84%
China
84%
China
84%
China
84%
China
84%
Colombia
84%
Dinamarca
84%
Dinamarca
84%
Francia
84%
India
84%
India
84%
Italia
84%
Japón
84%
Japón
84%
Japón
84%
Japón
84%
Madagascar
84%
Madagascar
84%
México
84%
Noruega
84%
Panamá
84%
Paraguay
84%
Paraguay
84%
Perú
84%
Perú
84%
Rusia
84%
Rusia
84%
Rusia
84%
Rusia
84%
Rusia
84%
Rusia
84%
Rusia
84%
Rusia
84%
Rusia
84%
Rusia
84%
Rusia
84%
Rusia
84%
Rusia
84%
Rusia
84%
Rusia
84%
Rusia
84%
Rusia
84%
Rusia
84%
Rusia
84%
Rusia
84%
Rusia
84%
Rusia
84%
Rusia
84%
Rusia
84%
Sudáfrica
84%
Alemania
83%
Argentina
83%
Argentina
83%
Argentina
83%
Australia
83%
Australia
83%
Australia
83%
Australia
83%
Australia
83%
Australia
83%
Australia
83%
Australia
83%
Brasil
83%
Brasil
83%
Brasil
83%
Brasil
83%
Brasil
83%
Brasil
83%
Brasil
83%
Chile
83%
Chile
83%
China
83%
China
83%
China
83%
China
83%
China
83%
China
83%
China
83%
China
83%
China
83%
China
83%
China
83%
China
83%
Colombia
83%
Colombia
83%
Dinamarca
83%
Dinamarca
83%
Ecuador
83%
Francia
83%
India
83%
India
83%
Islandia
83%
Noruega
83%
Panamá
83%
Perú
83%
Reino Unido
83%
Rusia
83%
Rusia
83%
Rusia
83%
Rusia
83%
Rusia
83%
Rusia
83%
Rusia
83%
Rusia
83%
Rusia
83%
Rusia
83%
Rusia
83%
Rusia
83%
Rusia
83%
Rusia
83%
Rusia
83%
Suecia
83%
Suecia
83%
Suecia
83%
Turquía
83%
Uruguay
83%
Argentina
82%
Argentina
82%
Australia
82%
Australia
82%
Australia
82%
Australia
82%
Australia
82%
Australia
82%
Australia
82%
Australia
82%
Australia
82%
Bolivia
82%
Bolivia
82%
Brasil
82%
Brasil
82%
China
82%
China
82%
China
82%
China
82%
China
82%
China
82%
China
82%
China
82%
Dinamarca
82%
Dinamarca
82%
Dinamarca
82%
Dinamarca
82%
Egipto
82%
Egipto
82%
España
82%
Francia
82%
India
82%
Japón
82%
Madagascar
82%
Marruecos
82%
Panamá
82%
Reino Unido
82%
Rusia
82%
Rusia
82%
Rusia
82%
Rusia
82%
Rusia
82%
Rusia
82%
Rusia
82%
Rusia
82%
Rusia
82%
Rusia
82%
Rusia
82%
Rusia
82%
Rusia
82%
Rusia
82%
Rusia
82%
Sudáfrica
82%
Turquía
82%
Venezuela
82%
Venezuela
82%
Argentina
81%
Argentina
81%
Australia
81%
Australia
81%
Australia
81%
Australia
81%
Australia
81%
Australia
81%
Australia
81%
Australia
81%
Australia
81%
Australia
81%
Australia
81%
Australia
81%
Australia
81%
Australia
81%
Australia
81%
Australia
81%
Australia
81%
Bahamas
81%
Bolivia
81%
Brasil
81%
China
81%
China
81%
China
81%
China
81%
China
81%
China
81%
China
81%
China
81%
China
81%
China
81%
Colombia
81%
Cuba
81%
Cuba
81%
Dinamarca
81%
Dinamarca
81%
Dinamarca
81%
Dinamarca
81%
Dinamarca
81%
Dinamarca
81%
Dinamarca
81%
Egipto
81%
Estados Unidos
81%
Finlandia
81%
Francia
81%
Grecia
81%
India
81%
India
81%
India
81%
India
81%
India
81%
India
81%
India
81%
India
81%
India
81%
India
81%
Italia
81%
Japón
81%
Japón
81%
Madagascar
81%
Mongolia
81%
Mongolia
81%
Noruega
81%
Noruega
81%
Paraguay
81%
Polonia
81%
Rusia
81%
Rusia
81%
Rusia
81%
Rusia
81%
Rusia
81%
Rusia
81%
Rusia
81%
Somalia
81%
Sudáfrica
81%
Arabia Saudita
80%
Arabia Saudita
80%
Argelia
80%
Australia
80%
Australia
80%
Australia
80%
Australia
80%
Australia
80%
Australia
80%
Australia
80%
Australia
80%
Australia
80%
Australia
80%
Australia
80%
Australia
80%
Australia
80%
Bolivia
80%
Bolivia
80%
Brasil
80%
Brasil
80%
Chile
80%
China
80%
China
80%
China
80%
China
80%
China
80%
China
80%
China
80%
China
80%
China
80%
China
80%
Colombia
80%
Dinamarca
80%
Dinamarca
80%
Dinamarca
80%
Dinamarca
80%
Dinamarca
80%
Dinamarca
80%
Dinamarca
80%
Dinamarca
80%
Dinamarca
80%
Ecuador
80%
Finlandia
80%
Finlandia
80%
India
80%
India
80%
Italia
80%
Madagascar
80%
México
80%
Paraguay
80%
Paraguay
80%
Perú
80%
Rusia
80%
Rusia
80%
Rusia
80%
Sudáfrica
80%
Sudáfrica
80%
Sudáfrica
80%
Suecia
80%
Uruguay
80%
Venezuela
80%
Venezuela
80%
Venezuela
80%
Venezuela
80%
Alemania
79%
Alemania
79%
Arabia Saudita
79%
Arabia Saudita
79%
Argelia
79%
Argentina
79%
Australia
79%
Australia
79%
Australia
79%
Australia
79%
Australia
79%
Australia
79%
Australia
79%
Australia
79%
Australia
79%
Australia
79%
Australia
79%
Australia
79%
Australia
79%
Bolivia
79%
Bolivia
79%
Brasil
79%
Chile
79%
China
79%
China
79%
China
79%
China
79%
China
79%
China
79%
China
79%
China
79%
China
79%
China
79%
China
79%
China
79%
China
79%
China
79%
China
79%
China
79%
China
79%
Dinamarca
79%
Dinamarca
79%
Dinamarca
79%
Dinamarca
79%
Dinamarca
79%
Dinamarca
79%
Dinamarca
79%
Dinamarca
79%
Dinamarca
79%
Dinamarca
79%
Dinamarca
79%
Dinamarca
79%
Ecuador
79%
Egipto
79%
España
79%
Finlandia
79%
India
79%
India
79%
India
79%
India
79%
India
79%
Italia
79%
Italia
79%
Madagascar
79%
Marruecos
79%
México
79%
Mongolia
79%
Rusia
79%
Rusia
79%
Rusia
79%
Turquía
79%
Venezuela
79%
Venezuela
79%
Venezuela
79%
Argelia
78%
Argelia
78%
Argentina
78%
Australia
78%
Australia
78%
Australia
78%
Australia
78%
Australia
78%
Australia
78%
Australia
78%
Australia
78%
Australia
78%
Bolivia
78%
China
78%
China
78%
China
78%
China
78%
China
78%
China
78%
China
78%
China
78%
China
78%
Colombia
78%
Dinamarca
78%
Dinamarca
78%
Dinamarca
78%
Dinamarca
78%
Dinamarca
78%
Dinamarca
78%
Dinamarca
78%
Dinamarca
78%
Dinamarca
78%
Finlandia
78%
Haití
78%
India
78%
India
78%
India
78%
India
78%
Madagascar
78%
Noruega
78%
Noruega
78%
Panamá
78%
Rusia
78%
Rusia
78%
Rusia
78%
Sudáfrica
78%
Sudáfrica
78%
Suecia
78%
Suecia
78%
Turquía
78%
Argelia
77%
Argelia
77%
Australia
77%
Australia
77%
Australia
77%
Australia
77%
Australia
77%
Australia
77%
Bélgica
77%
Bolivia
77%
Bolivia
77%
Brasil
77%
China
77%
China
77%
China
77%
China
77%
China
77%
China
77%
China
77%
China
77%
China
77%
China
77%
Corea del Sur
77%
Dinamarca
77%
Dinamarca
77%
Dinamarca
77%
Dinamarca
77%
Dinamarca
77%
Dinamarca
77%
Dinamarca
77%
Dinamarca
77%
Egipto
77%
Finlandia
77%
Finlandia
77%
Finlandia
77%
Finlandia
77%
Guyana
77%
India
77%
India
77%
Islandia
77%
Libia
77%
Madagascar
77%
Mongolia
77%
Noruega
77%
Sudáfrica
77%
Sudáfrica
77%
Suecia
77%
Turquía
77%
Alemania
76%
Argelia
76%
Australia
76%
Australia
76%
Australia
76%
Australia
76%
Australia
76%
Australia
76%
Australia
76%
Australia
76%
Australia
76%
Bolivia
76%
Cabo Verde
76%
Chile
76%
China
76%
China
76%
China
76%
China
76%
China
76%
China
76%
China
76%
China
76%
China
76%
China
76%
China
76%
China
76%
China
76%
China
76%
China
76%
China
76%
China
76%
China
76%
China
76%
Corea del Norte
76%
Corea del Sur
76%
Dinamarca
76%
Dinamarca
76%
Dinamarca
76%
Egipto
76%
Guyana
76%
Haití
76%
India
76%
India
76%
India
76%
India
76%
India
76%
Indonesia
76%
Italia
76%
Japón
76%
Madagascar
76%
Mongolia
76%
Noruega
76%
Noruega
76%
Arabia Saudita
75%
Arabia Saudita
75%
Australia
75%
Australia
75%
Australia
75%
Australia
75%
Australia
75%
Bolivia
75%
Bolivia
75%
Brasil
75%
China
75%
China
75%
China
75%
China
75%
China
75%
China
75%
China
75%
China
75%
China
75%
China
75%
China
75%
China
75%
China
75%
China
75%
China
75%
China
75%
Corea del Sur
75%
Dinamarca
75%
Dinamarca
75%
Dinamarca
75%
Dinamarca
75%
Dinamarca
75%
Dinamarca
75%
Dinamarca
75%
Egipto
75%
Egipto
75%
Finlandia
75%
Grecia
75%
Guyana
75%
Guyana
75%
India
75%
India
75%
Indonesia
75%
Italia
75%
Madagascar
75%
México
75%
Mongolia
75%
Paraguay
75%
Suecia
75%
Venezuela
75%
Arabia Saudita
74%
Argentina
74%
Australia
74%
Australia
74%
Australia
74%
Australia
74%
Australia
74%
Australia
74%
Bolivia
74%
China
74%
China
74%
China
74%
China
74%
China
74%
China
74%
China
74%
China
74%
China
74%
Dinamarca
74%
Dinamarca
74%
Dinamarca
74%
Dinamarca
74%
Dinamarca
74%
Dinamarca
74%
Egipto
74%
Egipto
74%
Egipto
74%
India
74%
India
74%
India
74%
Japón
74%
Mongolia
74%
Omán
74%
Paraguay
74%
Polonia
74%
Rusia
74%
Sri Lanka
74%
Túnez
74%
Turquía
74%
Yemen
74%
Arabia Saudita
73%
Argelia
73%
Argelia
73%
Argelia
73%
Australia
73%
Australia
73%
Australia
73%
Australia
73%
Australia
73%
Australia
73%
Australia
73%
Australia
73%
Australia
73%
Chile
73%
Chile
73%
China
73%
China
73%
China
73%
China
73%
China
73%
China
73%
China
73%
China
73%
Colombia
73%
Dinamarca
73%
Dinamarca
73%
Egipto
73%
Finlandia
73%
India
73%
India
73%
Indonesia
73%
Indonesia
73%
Malta
73%
Mongolia
73%
Mongolia
73%
Omán
73%
Reino Unido
73%
Somalia
73%
Sudáfrica
73%
Suecia
73%
Suecia
73%
Venezuela
73%
Alemania
72%
Andorra
72%
Arabia Saudita
72%
Arabia Saudita
72%
Argelia
72%
Argelia
72%
Australia
72%
Australia
72%
Australia
72%
Australia
72%
Bolivia
72%
Bolivia
72%
Brasil
72%
China
72%
China
72%
China
72%
China
72%
China
72%
China
72%
China
72%
Corea del Norte
72%
Croacia
72%
Dinamarca
72%
Egipto
72%
Finlandia
72%
India
72%
India
72%
Japón
72%
Libia
72%
Países Bajos
72%
Somalia
72%
Somalia
72%
Sri Lanka
72%
Sudáfrica
72%
Suecia
72%
Arabia Saudita
71%
Australia
71%
Australia
71%
Australia
71%
Australia
71%
Cabo Verde
71%
China
71%
China
71%
China
71%
China
71%
Dinamarca
71%
Egipto
71%
Egipto
71%
Grecia
71%
India
71%
Indonesia
71%
México
71%
Mongolia
71%
Mongolia
71%
Namibia
71%
Nueva Zelanda
71%
Polonia
71%
Polonia
71%
República Dominicana
71%
Sudáfrica
71%
Surinam
71%
Turquía
71%
Turquía
71%
Turquía
71%
Turquía
71%
Turquía
71%
Alemania
70%
Alemania
70%
Arabia Saudita
70%
Arabia Saudita
70%
Argelia
70%
Argentina
70%
Australia
70%
Australia
70%
China
70%
China
70%
China
70%
China
70%
China
70%
China
70%
China
70%
China
70%
China
70%
Dinamarca
70%
Dinamarca
70%
Dinamarca
70%
Grecia
70%
India
70%
Indonesia
70%
Mongolia
70%
Mongolia
70%
Portugal
70%
Reino Unido
70%
Sudáfrica
70%
Turquía
70%
Turquía
70%
Turquía
70%
Ucrania
70%
Yemen
70%
Alemania
69%
Arabia Saudita
69%
Argelia
69%
China
69%
China
69%
China
69%
Egipto
69%
España
69%
Francia
69%
India
69%
India
69%
Mongolia
69%
Mongolia
69%
Mongolia
69%
Mongolia
69%
Mongolia
69%
Noruega
69%
Nueva Zelanda
69%
Países Bajos
69%
Paraguay
69%
Paraguay
69%
Sudáfrica
69%
Surinam
69%
Taiwán
69%
Turquía
69%
Arabia Saudita
68%
Arabia Saudita
68%
Australia
68%
China
68%
China
68%
Egipto
68%
Finlandia
68%
Grecia
68%
India
68%
Indonesia
68%
Indonesia
68%
Mongolia
68%
Nueva Zelanda
68%
Omán
68%
Polonia
68%
Polonia
68%
Portugal
68%
Surinam
68%
Túnez
68%
Turquía
68%
Yemen
68%
Yemen
68%
Arabia Saudita
67%
Bolivia
67%
China
67%
China
67%
China
67%
Corea del Sur
67%
Costa Rica
67%
India
67%
Indonesia
67%
Jamaica
67%
Libia
67%
Mongolia
67%
Mongolia
67%
Mongolia
67%
Mongolia
67%
Omán
67%
Sudáfrica
67%
Suecia
67%
Yemen
67%
Yemen
67%
Yemen
67%
Arabia Saudita
66%
Arabia Saudita
66%
Arabia Saudita
66%
Corea del Norte
66%
Corea del Sur
66%
Estonia
66%
Filipinas
66%
India
66%
Indonesia
66%
Irán
66%
Omán
66%
Países Bajos
66%
República Dominicana
66%
Somalia
66%
Sudáfrica
66%
Turquía
66%
Turquía
66%
Arabia Saudita
65%
Arabia Saudita
65%
Arabia Saudita
65%
Bahamas
65%
Bahamas
65%
Croacia
65%
Dinamarca
65%
Estonia
65%
Filipinas
65%
Francia
65%
Haití
65%
India
65%
Indonesia
65%
Letonia
65%
Libia
65%
Libia
65%
Mongolia
65%
Nepal
65%
Polonia
65%
Sudán
65%
Suiza
65%
Taiwán
65%
Túnez
65%
Vietnam
65%
Arabia Saudita
64%
Arabia Saudita
64%
Arabia Saudita
64%
Bélgica
64%
Belice
64%
China
64%
China
64%
China
64%
Filipinas
64%
Filipinas
64%
Indonesia
64%
Indonesia
64%
Libia
64%
Mongolia
64%
Nueva Zelanda
64%
Pakistán
64%
Sudáfrica
64%
Argelia
63%
Argelia
63%
Argelia
63%
Argelia
63%
Dinamarca
63%
Filipinas
63%
Francia
63%
Honduras
63%
Indonesia
63%
Indonesia
63%
Indonesia
63%
Indonesia
63%
Israel
63%
Jamaica
63%
Kazajistán
63%
Libia
63%
Mongolia
63%
Mongolia
63%
Mongolia
63%
Polonia
63%
San Marino
63%
Somalia
63%
Sudán
63%
Ucrania
63%
Ucrania
63%
Argelia
62%
Argelia
62%
Cabo Verde
62%
China
62%
Egipto
62%
Eslovenia
62%
Guatemala
62%
Guyana
62%
Indonesia
62%
Indonesia
62%
Irán
62%
Kazajistán
62%
Libia
62%
Libia
62%
Libia
62%
Marruecos
62%
Mongolia
62%
Omán
62%
República Democrática del Congo
62%
Sudán
62%
Turquía
62%
Ucrania
62%
Ucrania
62%
Arabia Saudita
61%
Corea del Norte
61%
Etiopía
61%
Filipinas
61%
Filipinas
61%
Indonesia
61%
Indonesia
61%
Indonesia
61%
Indonesia
61%
Letonia
61%
Libia
61%
Maldivas
61%
Mongolia
61%
Nueva Zelanda
61%
Papúa Nueva Guinea
61%
Polonia
61%
Polonia
61%
Sudán
61%
Suiza
61%
Suiza
61%
Tailandia
61%
Yemen
61%
Albania
60%
Angola
60%
Bielorrusia
60%
Bielorrusia
60%
Chipre
60%
Ecuador
60%
Emiratos Árabes Unidos
60%
Filipinas
60%
Kazajistán
60%
Mongolia
60%
República Democrática del Congo
60%
Sudán
60%
Turquía
60%
Turquía
60%
Vietnam
60%
Argelia
59%
Corea del Norte
59%
El Salvador
59%
Emiratos Árabes Unidos
59%
Filipinas
59%
Indonesia
59%
Indonesia
59%
Kazajistán
59%
Kazajistán
59%
Kazajistán
59%
Libia
59%
Libia
59%
Libia
59%
Libia
59%
Malí
59%
Marruecos
59%
Mauritania
59%
Mongolia
59%
Nicaragua
59%
Nueva Zelanda
59%
Nueva Zelanda
59%
Polonia
59%
Somalia
59%
Somalia
59%
Sri Lanka
59%
Túnez
59%
Ucrania
59%
Ucrania
59%
Arabia Saudita
58%
Arabia Saudita
58%
Arabia Saudita
58%
Arabia Saudita
58%
Bahamas
58%
Bielorrusia
58%
Croacia
58%
Etiopía
58%
Filipinas
58%
Guatemala
58%
India
58%
Indonesia
58%
Indonesia
58%
Indonesia
58%
Indonesia
58%
Irak
58%
Kazajistán
58%
Nicaragua
58%
Níger
58%
Pakistán
58%
Portugal
58%
Portugal
58%
República Democrática del Congo
58%
Somalia
58%
Sudán
58%
Tailandia
58%
Taiwán
58%
Arabia Saudita
57%
Argelia
57%
Argelia
57%
Argelia
57%
Austria
57%
Egipto
57%
España
57%
Filipinas
57%
India
57%
Indonesia
57%
Indonesia
57%
Indonesia
57%
Indonesia
57%
Indonesia
57%
Irán
57%
Kazajistán
57%
Kazajistán
57%
Libia
57%
Libia
57%
Libia
57%
Nueva Zelanda
57%
Nueva Zelanda
57%
Omán
57%
Reino Unido
57%
Túnez
57%
Vietnam
57%
Bangladés
56%
Bielorrusia
56%
Bielorrusia
56%
Botsuana
56%
Chad
56%
Costa Rica
56%
Etiopía
56%
India
56%
Indonesia
56%
Irán
56%
Irán
56%
Israel
56%
Kazajistán
56%
Kazajistán
56%
Malí
56%
Mauritania
56%
Mongolia
56%
Mozambique
56%
Nepal
56%
Nicaragua
56%
Níger
56%
Pakistán
56%
Reino Unido
56%
República Democrática del Congo
56%
República Democrática del Congo
56%
Sudán
56%
Sudán
56%
Tailandia
56%
Ucrania
56%
Vietnam
56%
Albania
55%
Argelia
55%
Argelia
55%
Argelia
55%
Catar
55%
Chad
55%
Corea del Norte
55%
Estonia
55%
Etiopía
55%
Honduras
55%
Indonesia
55%
Indonesia
55%
Irán
55%
Israel
55%
Kazajistán
55%
Libia
55%
Namibia
55%
Nepal
55%
Nueva Zelanda
55%
Pakistán
55%
República Democrática del Congo
55%
Somalia
55%
Tailandia
55%
Tanzania
55%
Ucrania
55%
Vietnam
55%
Vietnam
55%
Arabia Saudita
54%
Argelia
54%
Argelia
54%
Catar
54%
Honduras
54%
Indonesia
54%
Indonesia
54%
Indonesia
54%
Irán
54%
Kazajistán
54%
Kazajistán
54%
Libia
54%
Libia
54%
Libia
54%
Lituania
54%
Malí
54%
Mauritania
54%
Mozambique
54%
Namibia
54%
Níger
54%
Níger
54%
Pakistán
54%
Papúa Nueva Guinea
54%
Papúa Nueva Guinea
54%
Papúa Nueva Guinea
54%
Papúa Nueva Guinea
54%
República del Congo
54%
República Democrática del Congo
54%
República Democrática del Congo
54%
República Democrática del Congo
54%
Siria
54%
Sudán
54%
Tailandia
54%
Vietnam
54%
Dinamarca
53%
Etiopía
53%
India
53%
Indonesia
53%
Indonesia
53%
Indonesia
53%
Indonesia
53%
Irak
53%
Irak
53%
Kazajistán
53%
Kazajistán
53%
Laos
53%
Lituania
53%
Lituania
53%
Mauritania
53%
Mauritania
53%
Nicaragua
53%
Níger
53%
República Democrática del Congo
53%
República Democrática del Congo
53%
Senegal
53%
Somalia
53%
Tanzania
53%
Ucrania
53%
Ucrania
53%
Ucrania
53%
Yemen
53%
Azerbaiyán
52%
Bulgaria
52%
Etiopía
52%
Etiopía
52%
Francia
52%
Guatemala
52%
Indonesia
52%
Indonesia
52%
Irán
52%
Irán
52%
Irán
52%
Irán
52%
Irán
52%
Kazajistán
52%
Kazajistán
52%
Laos
52%
Luxemburgo
52%
Macedonia del Norte
52%
Marruecos
52%
Mauritania
52%
Mozambique
52%
Namibia
52%
Níger
52%
Nigeria
52%
Nueva Zelanda
52%
Pakistán
52%
República Centroafricana
52%
República Democrática del Congo
52%
República Democrática del Congo
52%
Rumania
52%
Siria
52%
Somalia
52%
Turquía
52%
Alemania
51%
Angola
51%
Arabia Saudita
51%
Argelia
51%
Camboya
51%
Chad
51%
Chad
51%
India
51%
Indonesia
51%
Indonesia
51%
Irán
51%
Irán
51%
Irán
51%
Kazajistán
51%
Kuwait
51%
Letonia
51%
Líbano
51%
Libia
51%
Libia
51%
Malasia
51%
Mozambique
51%
Mozambique
51%
Namibia
51%
Namibia
51%
Níger
51%
Níger
51%
Níger
51%
Pakistán
51%
República del Congo
51%
República del Congo
51%
República Democrática del Congo
51%
Somalia
51%
Somalia
51%
Sudáfrica
51%
Sudán
51%
Sudán
51%
Tailandia
51%
Tailandia
51%
Ucrania
51%
Angola
50%
Angola
50%
Argelia
50%
Chipre
50%
Ghana
50%
Irak
50%
Irak
50%
Irán
50%
Irán
50%
Kazajistán
50%
Kazajistán
50%
Kazajistán
50%
Kazajistán
50%
Kenia
50%
Libia
50%
Malí
50%
Mauritania
50%
Mauritania
50%
Nepal
50%
Níger
50%
Nigeria
50%
Papúa Nueva Guinea
50%
Siria
50%
Sudán
50%
Tailandia
50%
Ucrania
50%
Angola
49%
Camboya
49%
Chad
49%
Chad
49%
Eritrea
49%
Etiopía
49%
Irán
49%
Kazajistán
49%
Kazajistán
49%
Kazajistán
49%
Kazajistán
49%
Kazajistán
49%
Kazajistán
49%
Kazajistán
49%
Kazajistán
49%
Kenia
49%
Kenia
49%
Lesoto
49%
Malasia
49%
Mauritania
49%
Mauritania
49%
Mozambique
49%
Mozambique
49%
Myanmar
49%
Níger
49%
Níger
49%
Pakistán
49%
República Democrática del Congo
49%
República Democrática del Congo
49%
Senegal
49%
Serbia
49%
Sudán
49%
Sudán
49%
Angola
48%
Argelia
48%
Austria
48%
Bangladés
48%
Bielorrusia
48%
Chad
48%
Chad
48%
Eslovenia
48%
Etiopía
48%
Filipinas
48%
Georgia
48%
India
48%
Irak
48%
Kazajistán
48%
Kazajistán
48%
Kenia
48%
Lituania
48%
Malí
48%
Mauritania
48%
Mauritania
48%
Namibia
48%
Namibia
48%
Níger
48%
Papúa Nueva Guinea
48%
República del Congo
48%
República Democrática del Congo
48%
República Democrática del Congo
48%
República Democrática del Congo
48%
República Democrática del Congo
48%
República Democrática del Congo
48%
Ruanda
48%
Senegal
48%
Sudán
48%
Sudán
48%
Sudán del Sur
48%
Tailandia
48%
Tailandia
48%
Vietnam
48%
Botsuana
47%
Botsuana
47%
Chad
47%
Filipinas
47%
Georgia
47%
Irán
47%
Irán
47%
Irán
47%
Kazajistán
47%
Kenia
47%
Malasia
47%
Malí
47%
Malí
47%
Mauricio
47%
Mauritania
47%
Myanmar
47%
Myanmar
47%
Namibia
47%
Namibia
47%
Níger
47%
Nigeria
47%
Pakistán
47%
Papúa Nueva Guinea
47%
República Centroafricana
47%
Rumania
47%
Senegal
47%
Sudán
47%
Sudán
47%
Tailandia
47%
Vietnam
47%
Angola
46%
Angola
46%
Argelia
46%
Botsuana
46%
Chad
46%
Chad
46%
Chad
46%
Eritrea
46%
Indonesia
46%
Irán
46%
Kazajistán
46%
Kazajistán
46%
Laos
46%
Laos
46%
Libia
46%
Malasia
46%
Mauritania
46%
Mauritania
46%
Namibia
46%
Omán
46%
Pakistán
46%
Papúa Nueva Guinea
46%
República Democrática del Congo
46%
República Democrática del Congo
46%
Siria
46%
Sudán
46%
Sudán
46%
Sudán
46%
Tailandia
46%
Tanzania
46%
Turquía
46%
Ucrania
46%
Argelia
45%
Argelia
45%
Bangladés
45%
Camerún
45%
Croacia
45%
Etiopía
45%
Etiopía
45%
Gabón
45%
Irán
45%
Irán
45%
Irán
45%
Japón
45%
Kazajistán
45%
Kazajistán
45%
Kazajistán
45%
Kazajistán
45%
Kazajistán
45%
Kazajistán
45%
Libia
45%
Malí
45%
Malí
45%
Myanmar
45%
Níger
45%
Pakistán
45%
Pakistán
45%
Polonia
45%
República del Congo
45%
República Democrática del Congo
45%
Serbia
45%
Sudán
45%
Sudán
45%
Tanzania
45%
Yibuti
45%
Angola
44%
Camboya
44%
Emiratos Árabes Unidos
44%
Etiopía
44%
Etiopía
44%
India
44%
Irán
44%
Irán
44%
Jordania
44%
Kazajistán
44%
Kazajistán
44%
Kenia
44%
Malí
44%
Mauritania
44%
Pakistán
44%
Papúa Nueva Guinea
44%
República Centroafricana
44%
República Democrática del Congo
44%
Rumania
44%
Rumania
44%
Sudán
44%
Tailandia
44%
Angola
43%
Angola
43%
Argelia
43%
Argelia
43%
Chad
43%
Chad
43%
Indonesia
43%
Irán
43%
Kazajistán
43%
Kazajistán
43%
Kazajistán
43%
Kenia
43%
Laos
43%
Libia
43%
Malí
43%
Mauritania
43%
Mozambique
43%
Mozambique
43%
Namibia
43%
Namibia
43%
Níger
43%
Nigeria
43%
República del Congo
43%
República Democrática del Congo
43%
Rumania
43%
Seychelles
43%
Sudán
43%
Ucrania
43%
Ucrania
43%
Angola
42%
Angola
42%
Angola
42%
Angola
42%
Chad
42%
Eritrea
42%
Esuatini
42%
Etiopía
42%
Guinea
42%
Guinea Ecuatorial
42%
Irak
42%
Kazajistán
42%
Kazajistán
42%
Kazajistán
42%
Kenia
42%
Libia
42%
Malí
42%
Malí
42%
Malí
42%
Mauritania
42%
Mozambique
42%
Namibia
42%
Nigeria
42%
Nigeria
42%
Papúa Nueva Guinea
42%
Papúa Nueva Guinea
42%
República Centroafricana
42%
República Democrática del Congo
42%
Serbia
42%
Tanzania
42%
Trinidad y Tobago
42%
Argelia
41%
Bangladés
41%
Bosnia y Herzegovina
41%
Botsuana
41%
Bulgaria
41%
Camerún
41%
Comoras
41%
Costa de Marfil
41%
Ghana
41%
Kazajistán
41%
Kazajistán
41%
Kazajistán
41%
Laos
41%
Libia
41%
Malasia
41%
Malí
41%
Malí
41%
Mauritania
41%
Mozambique
41%
Myanmar
41%
Myanmar
41%
Níger
41%
Nigeria
41%
Nigeria
41%
Nigeria
41%
República Centroafricana
41%
Singapur
41%
Sudán
41%
Sudán
41%
Tanzania
41%
Tanzania
41%
Vietnam
41%
Afganistán
40%
Bosnia y Herzegovina
40%
Botsuana
40%
Burundi
40%
Camerún
40%
Eritrea
40%
Etiopía
40%
Etiopía
40%
Hungría
40%
Kazajistán
40%
Kazajistán
40%
Mauritania
40%
Namibia
40%
Pakistán
40%
Pakistán
40%
República Centroafricana
40%
Senegal
40%
Sudán
40%
Sudán
40%
Tailandia
40%
Afganistán
39%
Afganistán
39%
Angola
39%
Chad
39%
Chad
39%
Irán
39%
Jordania
39%
Kazajistán
39%
Kazajistán
39%
Kazajistán
39%
Kazajistán
39%
Libia
39%
Malí
39%
Mauritania
39%
Myanmar
39%
Pakistán
39%
Pakistán
39%
Pakistán
39%
Papúa Nueva Guinea
39%
República Democrática del Congo
39%
Santo Tomé y Príncipe
39%
Sudán
39%
Sudán
39%
Sudán del Sur
39%
Sudán del Sur
39%
Tanzania
39%
Afganistán
38%
Angola
38%
Argelia
38%
Armenia
38%
Bulgaria
38%
Bulgaria
38%
Chad
38%
Costa de Marfil
38%
Ghana
38%
Hungría
38%
Hungría
38%
Irak
38%
Kazajistán
38%
Kazajistán
38%
Malasia
38%
Mauritania
38%
Mozambique
38%
Mozambique
38%
Myanmar
38%
Nigeria
38%
República Centroafricana
38%
República Checa
38%
República del Congo
38%
República Democrática del Congo
38%
Santo Tomé y Príncipe
38%
Siria
38%
Tanzania
38%
Trinidad y Tobago
38%
Afganistán
37%
Angola
37%
Argelia
37%
Botsuana
37%
Camerún
37%
Chad
37%
Jordania
37%
Kazajistán
37%
Moldavia
37%
Moldavia
37%
Myanmar
37%
República Democrática del Congo
37%
Tanzania
37%
Uganda
37%
Zambia
37%
Afganistán
36%
Afganistán
36%
Austria
36%
Botsuana
36%
Botsuana
36%
Camerún
36%
Gabón
36%
Guinea
36%
Kazajistán
36%
Kenia
36%
Malaui
36%
Mozambique
36%
Nigeria
36%
Nigeria
36%
República Centroafricana
36%
República Democrática del Congo
36%
Tanzania
36%
Tanzania
36%
Tanzania
36%
Zambia
36%
Zimbabue
36%
Afganistán
35%
Argelia
35%
Burkina Faso
35%
Camerún
35%
Guinea
35%
Hungría
35%
Irak
35%
Kazajistán
35%
Kenia
35%
Kiribati
35%
Malí
35%
Myanmar
35%
Namibia
35%
Nigeria
35%
República Democrática del Congo
35%
Sudán
35%
Sudán del Sur
35%
Togo
35%
Togo
35%
Uganda
35%
Angola
34%
Angola
34%
Camerún
34%
Costa de Marfil
34%
Ghana
34%
Irán
34%
Kazajistán
34%
Omán
34%
Tanzania
34%
Turkmenistán
34%
Uganda
34%
Uganda
34%
Uzbekistán
34%
Yemen
34%
Afganistán
33%
Afganistán
33%
Armenia
33%
Azerbaiyán
33%
Baréin
33%
Burkina Faso
33%
Burkina Faso
33%
Costa de Marfil
33%
Eritrea
33%
Gambia
33%
Irán
33%
Irán
33%
Kazajistán
33%
Kazajistán
33%
Kirguistán
33%
Liechtenstein
33%
Malí
33%
Moldavia
33%
Myanmar
33%
Myanmar
33%
Níger
33%
Nigeria
33%
República Checa
33%
República Democrática del Congo
33%
Sudán del Sur
33%
Sudán del Sur
33%
Togo
33%
Turkmenistán
33%
Zambia
33%
Azerbaiyán
32%
Benín
32%
Botsuana
32%
Burkina Faso
32%
Chad
32%
Costa de Marfil
32%
Irak
32%
Kenia
32%
Myanmar
32%
Níger
32%
Nigeria
32%
Nigeria
32%
República Centroafricana
32%
República Checa
32%
República Checa
32%
República del Congo
32%
Sierra Leona
32%
Sudán del Sur
32%
Sudán del Sur
32%
Sudán del Sur
32%
Zambia
32%
Benín
31%
Bután
31%
Fiyi
31%
Gabón
31%
Ghana
31%
Guinea Ecuatorial
31%
Irak
31%
Kazajistán
31%
Mauritania
31%
Montenegro
31%
Myanmar
31%
Níger
31%
Rumania
31%
Rumania
31%
Uzbekistán
31%
Uzbekistán
31%
Azerbaiyán
30%
Bosnia y Herzegovina
30%
Botsuana
30%
Camerún
30%
Kirguistán
30%
Malaui
30%
Papúa Nueva Guinea
30%
Timor Oriental
30%
Afganistán
29%
Camerún
29%
Eslovaquia
29%
Georgia
29%
Kazajistán
29%
Liberia
29%
Sierra Leona
29%
Zambia
29%
Zambia
29%
Zambia
29%
Chad
28%
Eslovaquia
28%
Kosovo
28%
Myanmar
28%
Níger
28%
República Democrática del Congo
28%
Uzbekistán
28%
Zambia
28%
Zimbabue
28%
Afganistán
27%
Angola
27%
Benín
27%
Brunéi
27%
Gabón
27%
Irán
27%
Kazajistán
27%
Malí
27%
Myanmar
27%
Turkmenistán
27%
Uzbekistán
27%
Uzbekistán
27%
Zimbabue
27%
Fiyi
26%
Francia
26%
Kazajistán
26%
Kirguistán
26%
República Centroafricana
26%
Timor Oriental
26%
Turkmenistán
26%
Zambia
26%
Antigua y Barbuda
25%
Estados Federados de Micronesia
25%
Fiyi
25%
Guinea
25%
Islas Salomón
25%
República Centroafricana
25%
Sudán del Sur
25%
Uganda
25%
Uzbekistán
25%
Uzbekistán
25%
Zimbabue
25%
Zimbabue
25%
Afganistán
24%
Austria
24%
Barbados
24%
Burkina Faso
24%
Francia
24%
Gabón
24%
Gambia
24%
Liberia
24%
Malí
24%
Tanzania
24%
Zimbabue
24%
Estados Federados de Micronesia
23%
Guinea-Bissau
23%
Kiribati
23%
Sudán del Sur
23%
Uzbekistán
23%
Zambia
23%
Benín
22%
Chad
22%
Guinea-Bissau
22%
Islas Salomón
22%
Kirguistán
22%
San Cristóbal y Nieves
22%
Turkmenistán
22%
Turkmenistán
22%
Uzbekistán
22%
Zambia
22%
Antigua y Barbuda
21%
Islas Salomón
21%
Tayikistán
21%
Turkmenistán
21%
Turkmenistán
21%
Uzbekistán
21%
Uzbekistán
21%
Uzbekistán
21%
Chad
20%
Malaui
20%
Malí
20%
Tayikistán
20%
Turkmenistán
20%
Uzbekistán
20%
Estados Federados de Micronesia
19%
Islas Salomón
19%
Kirguistán
19%
Palaos
19%
República Centroafricana
19%
Tayikistán
19%
Vanuatu
19%
Vanuatu
19%
Zambia
19%
Granada
18%
Islas Salomón
18%
Islas Salomón
18%
Kiribati
18%
Santa Lucía
18%
Zambia
18%
Costa de Marfil
17%
Estados Federados de Micronesia
17%
Guinea
17%
Kirguistán
17%
Kiribati
17%
Tanzania
17%
Turkmenistán
17%
Turkmenistán
17%
Vanuatu
17%
Zimbabue
17%
Eslovaquia
16%
Francia
16%
Islas Salomón
16%
San Cristóbal y Nieves
16%
Dominica
15%
Islas Marshall
15%
Namibia
15%
Sudán del Sur
15%
Turkmenistán
15%
Vanuatu
15%
Vanuatu
15%
Francia
14%
Islas Marshall
14%
Países Bajos
14%
Tuvalu
14%
Francia
13%
Tayikistán
13%
Islas Salomón
12%
Palaos
12%
San Vicente y las Granadinas
12%
Turkmenistán
12%
Islas Marshall
11%
Tayikistán
11%
Tayikistán
11%
Turkmenistán
11%
Francia
10%
Nauru
10%
Países Bajos
10%
Samoa
9%
Samoa
8%
Tonga
8%
Islas Salomón
7%
No se encontraron pruebas coincidentes
Distribución de puntuación
Porcentaje de gente con cada puntuación
Porcentaje por número respondido
Historial de tus puntuaciones
No has intentado esta prueba.